000 00952cam a22002773a 4500
001 6741
003 PGUSA
005 20140828083136.0
008 041001s2004||||xxu|||||s|||||000 | eng d
040 _aPGUSA
_beng
042 _adc
050 4 _aPR
100 1 _aMoore, Thomas,
_d1779-1852
245 1 0 _aMemoirs of the Life of the Rt. Hon. Richard Brinsley Sheridan — Volume 01
_h[electronic resource] /
_cThomas Moore
260 _bProject Gutenberg,
_c2004
506 _aPublic domain in the USA.
516 _aElectronic text
653 _aSheridan, Richard Brinsley, 1751-1816
653 _aGreat Britain -- Politics and government -- 1760-1820
653 _aTheatrical managers -- Great Britain -- Biography
653 _aDramatists, English -- 18th century -- Biography
653 _aLegislators -- Great Britain -- Biography
830 0 _aProject Gutenberg
_v6741
856 4 0 _uhttp://www.gutenberg.org/ebooks/6741
942 _cEB
999 _c236061
_d236061